000 00218nam a22001097a 4500
041 _aeng
080 _a80
100 _aHorak, S.
245 _aUkraine in der International Politic.
650 _aGerman
999 _c277778
_d277778
942 _cBK